000 00833cam a2200289 4500
001 ABS68713
008 050303n2005 000 0 eng u
035 _a(Sirsi) u128927
245 _aFocus 2: Yorkshire update
260 _c2005
490 _aEstates Gazette
_v(0508) 26 February 2005, 91-113(7)
590 _aABS
650 _aYORKSHIRE
650 _aLEEDS
650 _aSHEFFIELD
650 _aBRADFORD
650 _aHULL
650 _aWAKEFIELD
650 _aDONCASTER
650 _aYORK
650 _aPROPERTY-COMMERCIAL PROPERTY-OFFICE PROPERTY-OFFICE PROPERTY MARKET
650 _aPROPERTY-COMMERCIAL PROPERTY-RETAIL PROPERTY-RETAIL PROPERTY MARKET
650 _aINDUSTRIAL MARKET
650 _aDISTRIBUTION MARKET
690 _aPROPERTY-COMMERCIAL PROPERTY-COMMERCIAL PROPERTY MARKET
942 _n0
999 _c74865
_d74865